000 00670cam a22002413a 4500
001 27199
003 PGUSA
005 20140828083604.0
008 081108s2008||||xxu|||||s|||||000 p eng d
040 _aPGUSA
_beng
042 _adc
050 4 _aPS
100 1 _aFletcher, John Gould,
_d1886-1950
245 1 0 _aJapanese Prints
_h[electronic resource] /
_cJohn Gould Fletcher
260 _bProject Gutenberg,
_c2008
506 _aPublic domain in the USA.
516 _aElectronic text
653 _aPoetry
700 1 _aLathrop, Dorothy Pulis,
_d1891-1980
830 0 _aProject Gutenberg
_v27199
856 4 0 _uhttp://www.gutenberg.org/ebooks/27199
942 _cEB
999 _c256454
_d256454